MDQL
is popping MORE tags! Check the
thread
!
Quizzes
Events
Quiz Creation
Community
Videos
Private Events
Remove Ads
Sign In
Join for FREE
Feedback
Dark Mode
Quiz Categories
Sports
Geography
Music
Movies
Television
Just For Fun
Miscellaneous
History
Literature
Language
Science
Gaming
Entertainment
Religion
Holiday
For Kids
Quiz Lab
Recent
Popular Today
Quiz Kudos Today
Editor Picks
Curator Picks
Quizzes by...
Day
Popularity
Type
Ratings
Length
Year
Community
Subscriptions
Recent Discussions
Orange Saloon
Badges
Playlists
Quests
Create
Leaderboards
Showdown
Live 5
Trivia Bingo
Activity
Puzzle Library
Sporcle Events
Private Events
Virtual Trivia
Globe League
Become a Host
Pub Owners
SporcleCon
Opinionation
Our Games
Videos
Blog
Mobile Apps
Partnerships
Remove Ads and Go Orange
Feedback
Music
Pop Music
The Beatles
Song
Album
Lyrics
Bands
Singers
Artist
Clip
Rock
Rap
Classical
Billboard
Country Music
Kpop
Taylor Swift
Music
Pop Music
The Beatles
Song
Album
Lyrics
Bands
Singers
Artist
Clip
Rock
Rap
Classical
Billboard
Country Music
Kpop
Taylor Swift
Random Quiz
Search Sporcle
×
Quiz Lab
Quiz Lab
Music
Football
Type in answers that appear in a list
Type in answers that appear in a list
Classic
Best Score? Go Orange.
Rolling Stones top 40 singles Stats
Can you name the Rolling Stones top 40 UK/US singles?
By
krav1414
10m
62 Questions
691 Plays
691 Plays
691 Plays
Comments
Comments
Give Quiz Kudos
Give Quiz Kudos
-
- Ratings
hide this ad
Replay
Link that replays current quiz
Next Quiz
Link to next quiz in quiz playlist
You Got
0%
They Got
Avg Score
45%
Avg Friend Score
Upgrade to see
Score Distribution
Jump to the score distribution portion of the page
Score
0/62
Timer
10:00
0
Plays Today
Peak Position
Song
% Correct
1 (UK), 1 (US)
(I Can't Get No) Satisfaction
95.8%
2 (UK), 1 (US)
Brown Sugar
87.6%
1 (UK), 1 (US)
Paint It, Black
84.7%
5 (UK), 1 (US)
Angie
83.1%
7 (UK), 2 (US)
Start Me Up
81.8%
1 (UK), 3 (US)
Jumpin' Jack Flash
80.2%
1 (US)
Ruby Tuesday
74%
3 (UK), 1 (US)
Miss You
73.7%
28 (US)
Wild Horses
69.8%
1 (UK), 1 (US)
Honky Tonk Woman
69.5%
1 (UK), 1 (US)
Get Off of My Cloud
69.3%
14 (UK)
Sympathy for the Devil (Remix)
69.2%
10 (UK), 16 (US)
It's Only Rock 'n Roll (But I Like It)
67.4%
5 (UK), 7 (US)
Tumbling Dice
65.3%
3 (UK)
Let's Spend the Night Together
61.2%
8 (US)
Beast of Burden
60.3%
2 (UK), 2 (US)
19th Nervous Breakdown
59.2%
8 (US)
Mother's Little Helper
57.6%
9 UK), 3 (US)
Emotional Rescue
57.3%
21 (UK)
Street Fighting Man
53.4%
1 (UK), 9 (US)
The Last Time
53%
25 (US)
She's a Rainbow
52.7%
1 (UK)
Little Red Rooster
51.7%
11 (UK0, 9 (US)
Undercover of the Night
50.2%
13 (US)
Waiting on a Friend
48.6%
6 (US)
Time Is On My Side
47.9%
3 (UK)
Not Fade Away
47.8%
13 (UK), 5 (US)
Harlem Shuffle
47.2%
12 (UK)
I Wanna Be Your Man
46.9%
22 (US)
Happy
46.2%
6 (UK), 10 (US)
Fool to Cry
44.4%
Peak Position
Song
% Correct
5 (UK), 9 (US)
Have You Seen Your Mother, Baby, Standing in the Shadow?
43.6%
31 (US)
Shattered
43.1%
1 (UK), 26 (US)
It's All Over Now
42.8%
36 (UK), 5 (US)
Mixed Emotions
42.5%
6 (US)
As Tears Go By
42.1%
33 (UK), 26 (US)
She's So Cold
40.8%
21 (UK)
Come On
39.2%
24 (US)
Lady Jane
34.2%
14 (UK)
Love is Strong
33%
14 (US)
Dandelion
32.9%
8 (UK)
We Love You
32%
23 (UK)
Respectable
31.5%
19 (US)
Heart of Stone
29.4%
28 (US)
One Hit (to the Body)
29.2%
23 (US)
Rock and a Hard Place
28.8%
22 (UK)
Anybody Seen My Baby?
28.4%
17 (US)
Ain't Too Proud to Beg
27.1%
20 (US)
Hang Fire
26.9%
12 (UK)
Like a Rolling Stone
26.8%
15 (US)
Doo Doo Doo Doo Doo (Heartbreaker)
26.5%
24 (US)
Tell Me
25.9%
23 (UK)
You Got Me Rocking
24.7%
26 (UK), 25 (US)
Going to A Go-Go (Live)
23.2%
36 (UK)
Don't Stop
21.3%
26 (UK)
Saint of Me
18.4%
29 (UK)
Highwire
17.9%
15 (UK)
Streets of Love
17.9%
36 (UK)
Out of Tears
16.2%
31 (UK)
Almost Hear You Sigh
15.6%
33 (UK)
Rain Fall Down
14.3%
29 UK)
I Go Wild
13.6%
Quiz Playlist
Details
Report
Send in Message
Add To Playlist
Classic:
Type in answers that appear in a list
Last Updated: Feb 16, 2017
Quiz Scoreboard
CHALLENGE
Sign Up to Join the Scoreboard
Show All
Scores
Hide
Comments
May contain spoilers
Recently Published
Street Fighter Characters
by Artimus82
Gaming
60s
9x9 Crossword: Cartoon Network
by jackfrog10
Miscellaneous
3m
College Basketball Coaching Resumes
by pancakes188
Sports
9m
More to Explore
Quiz From the Vault
Featured Blog Post
Where Did the Easter Bunny Come From?
hide this ad
You Might Also Like...
Tags
Football Quiz
Nintendo Quiz
Song Quiz
peak
Released
Rolling
Single
stone
The Rolling Stones
Today's Top Quizzes in Music
Browse Music
hide this ad
Today's Top Quizzes in Football
Browse Football
Top Contributed Quizzes in Music
1
Taylor Swift All Songs (2024)
2
Guess the Artist- 70s Songs
3
7-to-1: Billboard Hot 100 #1 Hits of 2010s
4
Taylor Swift Logic Puzzle
5
Sorting Albums and Songs
6
KPOP LOGIC QUIZ
7
Guess the Taylor Swift song (Mystery Song)
8
Guess The Taylor Swift Lyrics Song #1
9
Billboard Blitz: ABBA
10
Billboard Blitz: The Beatles
Explore More
Trending Topics
Kpop
Crossword
Anime
Harry Potter
NBA
Marvel
Disney
The Office
NFL
Country
Song
Puzzle
Pokémon
WWE
Soccer
hide this ad
More By:
krav1414
Quiz
Plays
Rating
Category
Featured
Created
Bob Dylan Songs (1960s)
7,520
4.57
Music
Oct 4, 2009
Neil Young Songs (1968-1979)
4,211
4.50
Music
Oct 5, 2009
Bruce Springsteen singles in the Top 50
917
5.00
Music
Dec 2, 2009
David Bowie Top 40 US/UK Singles
839
4.43
Music
Dec 10, 2009
Bruce Springsteen A-Z
782
3.13
Music
Oct 5, 2009
Go to Creator's Profile
Score Distribution
Quiz Creator Spotlight
krav1414
Follow
Send a Message
Quizzes Created
-
Created Quiz Play Count
-
More By This Creator
Popular Quizzes Today
1
Find the US States - No Outlines Minefield
2
Find the Countries of Europe - No Outlines Minefield
3
The Countries of the World
4
Find the US States
5
Risky Map Clicking: Biggest States A-Z
6
US States
7
Popular People in 1961
8
Movies - When Are They Set?
More Music Quizzes
Charli XCX Songs
Quiz Lab
Trending Quizzes
Risky Map Clicking: Least Populous States A-Z
Countries of the World: 200 Million BC
1-10 Letter G Words
Risky Map Clicking: Next State Alphabetically
Adjectives in 80s TV Shows
Recently Updated
Leaping Animals
pecheneg
Reality TV Shows (A-Z)
bhenderson79
Rickey Henderson's Hall of Fame Teammates
pecheneg
Champions League XIs: Arsenal
pecheneg
Quick Pick: Celebrities in WWE's Hall of Fame
aduchscher
A-Z Keypad Blitz II
pecheneg
Multiple Oscar Actors
pecheneg
Mystery Phrase Blitz: Oscar 'Best Actors'
pecheneg
F. Scott Fitzgerald Novels
LTH
Pick 3 Villains
ddd62291
Trending Topics
Anime
Harry Potter
Disney
Crossword
NBA
Kpop
Marvel
NFL
WWE
Puzzle
Song
Pokémon
Soccer
Country
The Office
Your Account Isn't Verified!
In order to create a playlist on Sporcle, you need to verify the email address you used during registration. Go to your
Sporcle Settings
to finish the process.
Report this User
Report this user for behavior that violates our
Community Guidelines
.
Details:
Send Report
Go to the Sporcle.com Mobile Site →
Comments